| 000 | 00561nam a2200169 a 4500 | ||
|---|---|---|---|
| 001 | 000037808 | ||
| 005 | 20201002031121.0 | ||
| 008 | 130306s2004 dr 000 0 spa d | ||
| 040 |
_aDO-SdBNP _bspa _cBNPHU |
||
| 100 | 1 |
_aRodríguez, Príamo _964256 |
|
| 245 | 1 | 0 |
_aFormación y cultura cívica / _cPriamo Rodríguez, José Luis Álvarez, Víctor Burgos. |
| 260 |
_aSantiago de los Caballeros : _bNani, _c2004. |
||
| 300 |
_a197 p. ; _c21 cm. |
||
| 504 | _aBibliografía : p. 196-197 | ||
| 700 | 1 |
_aÁlvarez, José Luis _918237 |
|
| 700 | 1 |
_aBurgos, Víctor _964257 |
|
| 999 |
_c37298 _d37298 |
||